| 000 | 01128nam a2200241Ia 4500 | ||
|---|---|---|---|
| 001 | 18696 | ||
| 003 | GE_BSU | ||
| 008 | 181216s||||||||xx |||||||||||||| ||und|| | ||
| 040 | _cGE_BSU | ||
| 245 | _aაუდიტი. აღრიცხვა. ფინანსები :№10(202).2016. | ||
| 245 | _bინფო კონსულტანტი | ||
| 245 | _cგენ.დირ.ფრიდონ ალშიბაია,მთავარი რედაქტორი: გიორგი ცერცვაძე. | ||
| 250 | _aყოველთვიური ჟურნალი მეწარმეებისა და ფინანსისტებისათვის. | ||
| 260 | _aთბილისი | ||
| 260 | _bშპს "ააფ-მენეჯმენტი | ||
| 260 | _c2016 | ||
| 300 | _a52გვ;30სმ. | ||
| 520 | _aდამოუკიდებელი გამოცემა. | ||
| 653 | _aაუდიტი. აღრიცხვა. ფინანსები | ||
| 653 | _aეკონომიკა | ||
| 653 | _aპერიოდიკა | ||
| 942 | _cCR | ||
| 999 |
_c51705 _d51705 |
||